Merenlahtia maailmankartalla - Statistics

Yleistilastot
  • Tätä visaa on pelattu 529 kertaa
  • Keskiarvotulos 8 / 16
Vastaukset kartalla
Vastauksille on annettu kartalla punavihreä väri sen mukaan, kuinka moni on saanut sen oikein.
 
Vastaustilastot
Merenlahti % Oikein
Pohjanlahti
92%
Suomenlahti
87%
Meksikonlahti
82%
Persianlahti
64%
Kalifornianlahti
60%
Alaskanlahti
55%
Biskajanlahti
55%
Bengalinlahti
53%
Hudsoninlahti
50%
Guineanlahti
43%
Thaimaanlahti
35%
Baffininlahti
29%
Adeninlahti
28%
{Iso} {Australian} mutka
17%
Saint Lawrencen lahti
16%
Carpentarianlahti
9%
Ehtoja vastaavia visoja ei löytynyt
Tulosjakauma
Jokaisen tuloksen saaneiden osuus
Persentiili vastausten määrän mukaan
Tuloshistoriasi
Et ole pelannut tätä visaa